000 01107nam a22002177a 4500
999 _c59017
_d59017
003 Ge_BSU
005 20221031155942.0
008 221031b xxu||||| |||| 00| 0 geo d
020 _a9994065882
041 _ageo
080 _a336.22 ტ-48
100 _aტერაშვილი, ნარიმან
_915673
245 _aსაგადასახადო და საბაჟო პოლიტიკა /
_cნარიმან ტერაშვილი ; [რედ.: იაკობ მესხია] ; თბილ. ეკონ. ურთიერთ. სახ. უნ-ტი.
264 _aთბილისი:
_bშპს "დარბეგი"
_c2006.
300 _a704 გვ. ;
_bცხრ.
_c21 სმ.
653 _aგადასახადები საქართველოში
653 _aსაბაჟო პოლიტიკა საქართველოში.
653 _aსაბაჟო კანონმდებლობა.
700 _aმესხია, იაკობ
_eრედაქტორი
_915674
942 _2udc
_cBK